Á lódáil...
Rural economy of India
| Príomhúdar: | |
|---|---|
| Údair Eile: | |
| Formáid: | Printed Book |
| Teanga: | Undetermined English |
| Foilsithe: |
New Delhi
Vikas publishers
1980
|
| Ábhair: |
| LEADER | 00593nam a2200193Ia 4500 | ||
|---|---|---|---|
| 008 | 140306s9999 xx 000 0 und d | ||
| 041 | |a eng | ||
| 082 | |a 330 |b SHA/RU | ||
| 100 | |a Desai, V V | ||
| 700 | |a Sharma, D P | ||
| 245 | |a Rural economy of India | ||
| 260 | |a New Delhi |b Vikas publishers |c 1980 | ||
| 300 | |a 379 | ||
| 365 | |b Rs .15 .00 | ||
| 650 | |a Farm management | ||
| 650 | |a land resources | ||
| 942 | |2 ddc |c BK | ||
| 999 | |c 120506 |d 120506 | ||
| 952 | |0 0 |1 0 |2 ddc |4 0 |6 330_000000000000000_SHARU |7 0 |9 119809 |a KAUHCV |b KAUHCV |d 2002-05-06 |g 15.00 |o 330 SHA/RU |p KAU_HCV-18326 |r 2014-03-22 |w 2014-03-22 |y BK | ||